000 02862cam a2200481 i 4500
001 18483029
003 OSt
005 20250129112542.0
008 150206s2014 nyuab 000 0aeng d
010 _a 2015301192
020 _a9780525428282
020 _a0525428283
035 _a(OCoLC)ocn876882949
040 _aYDXCP
_beng
_cYDXCP
_erda
_dBTCTA
_dBDX
_dCLE
_dVTL
_dCGP
_dSINLB
_dGK8
_dOQX
_dFOLLT
_dOBE
_dDLC
042 _alccopycat
043 _af-sa---
050 0 0 _aDT1972.L34
_bA3 2014b
082 0 4 _a968.065/092
_aB
_223
100 1 _aLa Grange, Zelda,
_eauthor.
245 1 0 _aGood morning, Mr Mandela /
_cZelda la Grange.
246 3 _aGood morning, Mister Mandela
264 1 _aNew York, New York :
_bViking,
_c[2014]
300 _axiv, 368 pages :
_billustrations, map ;
_c24 cm
336 _atext
_2rdacontent
337 _aunmediated
_2rdamedia
338 _avolume
_2rdacarrier
500 _a"A memoir"--Dust jacket.
505 0 _aPrologue : Zeldina -- Part 1. 'If it isn't good, let it die,' 1970-1994. Childhood -- Change -- Part 2. Start of a new dawn, 1994-1999. Meeting Mr Mandela -- Working for a president -- Travelling with a president -- Running to keep up -- Part 3. Gatekeeper to the most famous man in the world, 1999-2008. Travel and conflict -- Working with world leaders -- Holidays and friends -- The biggest fundraiser of my life -- Part 4. What next? 2009-2013. Staying until the end -- Saying goodbye -- Tot weersiens Khulu!
520 _aOne of Mandela's three private secretaries and now working for the Nelson Mandela Foundation, "La Grange pays tribute to Nelson Mandela as she knew him: a teacher who gave her the most valuable lessons of her life. The Mr. Mandela we meet in these pages is a man who refused to be defined by his past, who forgave and respected all, but who was also frank, teasing, and direct. As he renewed his country, he also freed La Grange from a closed world of fear and mistrust, giving her life true meaning"--Amazon.com.
600 1 0 _aLa Grange, Zelda
_xFriends and associates.
600 1 0 _aLa Grange, Zelda
_xPolitical and social views.
600 1 0 _aMandela, Nelson,
_d1918-2013.
600 1 0 _aMandela, Nelson,
_d1918-2013
_xFriends and associates.
650 0 _aPrivate secretaries
_zSouth Africa
_vBiography.
651 0 _aSouth Africa
_xPolitics and government
_y1994-
651 0 _aSouth Africa
_xSocial conditions
_y1994-
856 4 2 _3Publisher description
_uhttp://www.loc.gov/catdir/enhancements/fy1508/2015301192-d.html
856 4 2 _3Contributor biographical information
_uhttp://www.loc.gov/catdir/enhancements/fy1508/2015301192-b.html
856 4 1 _3Sample text
_uhttp://www.loc.gov/catdir/enhancements/fy1602/2015301192-s.html
906 _a7
_bcbc
_ccopycat
_d2
_encip
_f20
_gy-gencatlg
942 _2ddc
_cBK
999 _c4053
_d4053